| 000 | 00744nam a2200193Ia 4500 | ||
|---|---|---|---|
| 008 | 0000001987 sp a 0000000000spa00 | ||
| 090 | _aPTU00 L14l | ||
| 100 | 1 |
_aL ́Altrange, Jean Francois _d1948 |
|
| 245 | 1 | 0 | _aL ́Altrange |
| 300 |
_a[28] p. _c/ 21 cm. |
||
| 500 | _aExposición realizada en Velazquez Galería de Arte, Valladolid, Abril 1121, 1987 \ Con el patronazgo del maestro venezolano Jesús Rafael Soto (q.e.p.d.) \ | ||
| 600 | 0 | 0 |
_aL ́ALTRANGE, JEAN FRANCOIS, 1948/ _xTRABAJOS PICTORICOS |
| 650 | 1 | 4 | _aARTE CONTEMPORANEO TURCO |
| 650 | 1 | 4 | _xCATALOGOS |
| 650 | 1 | 4 | _xEXPOSICIONES |
| 650 | 1 | 4 | _aPINTORES TURCOS |
| 650 | 1 | 4 | _aPINTURA TURCA |
| 999 |
_c6669 _d6669 |
||
| 260 |
_aValladolid (España) : Velazquez Galería de Arte _c1987 |
||